LEADER 01033nam a2200217 i 4500 001 000000244070 003 CaOOAMICUS 005 20150729000000.0 008 150729s1958 fr u000 u fre u 013 $a222975 040 $aSeMil$bita 245 12$aL'enseignement, problème social. Compte rendu in extenso :$bVersailles, 1958 /$cSemaines Sociales de France. 260 $aLyon :$bChronique sociale de France,$cImprimatur 1958. 300 $a418 p. ;$c23 cm. 490 0 $aSemaines sociales de France ;$v45. Session 700 1 $aSemaines Sociales de France <45. ; 1958 ; Versailles>.$0(OLS)http://semarc/name/82329 830 0$aSemaines sociales de France ;$v45. Session.$0(OLS)http://semarc/title/43720 850 $aSeMil 852 $aSeMil$W1$xVenegono$y1$m3N V 170$j194416$B194416$CSeMilBibl$Z2$F205034 $81 996 $6245$aL'enseignement, problème social. Compte rendu in extenso :$bVersailles, 1958$9(OLS)http://semarc/title/346004 996 $6260$aLyon :$bChronique sociale de France$9(OLS)http://semarc/publisher/39229 LEADER 01416nam a2200301 i 4500 001 000000361552 003 CaOOAMICUS 005 20250204111040.0 008 250204s2003 be u000 u eng u 020 $a90-429-1282-0 020 $a978-90-429-1282-3 040 $aSeMil$bita 100 1 $aBoeve, Lieven,$d<1966- >.$0(OLS)http://semarc/name/77620 240 10$aOnderbroken traditie.$0(OLS)http://semarc/title/452312 245 10$aInterrupting tradition :$ban essay on Christian faith in a postmodern context /$cLieven Boeve. 264 1$aLovanii ; Dudley (Ma) :$bPeeters,$c2003. 300 $a183 p. ;$c22 cm 490 1 $aLouvain theological & pastoral monographs ;$v30 650 4$aTradizione - Teologia.$0(OLS)http://semarc/subject/5575 650 4$aPostmoderno - Cristianesimo.$0(OLS)http://semarc/subject/48511 830 0$aLouvain theological & pastoral monographs ;$v30.$0(OLS)http://semarc/title/39827 850 $aSeMil 852 $aSeMil$W1$xVenegono$y1$m2M III 18$j254264$B252515$CSeMilBibl$Z2$F252515 $81 996 $6020$a90-429-1282-0$9(OLS)http://semarc/number/302386 996 $6020$a978-90-429-1282-3$9(OLS)http://semarc/number/302387 996 $6245$aInterrupting tradition :$ban essay on Christian faith in a postmodern context$9(OLS)http://semarc/title/452311 996 $6264$aLovanii ; Dudley (Ma) :$bPeeters$9(OLS)http://semarc/publisher/46294